000 00228 a2200097 4500
001 10625
100 _aDent, H C
245 _aYour book of tech. education and careers in Industry.
260 _a
_bAdam
_c
090 _c8227
_d8227
942 _aNUST-CAE
_cM
_c34964
999 _c245698
_d245698